El desafío de la cuantificación económica / (Registro nro. 6237)
[ vista simple ]
| 000 -LEADER | |
|---|---|
| fixed length control field | 01170nab a22002057a 4500 |
| 003 - CONTROL NUMBER IDENTIFIER | |
| control field | OSt |
| 005 - DATE AND TIME OF LATEST TRANSACTION | |
| control field | 20260126045650.0 |
| 008 - FIXED-LENGTH DATA ELEMENTS--GENERAL INFORMATION | |
| fixed length control field | 190514b xxu||||| |||| 00| 0 spa d |
| 040 ## - CATALOGING SOURCE | |
| Transcribing agency | PJ |
| 100 ## - MAIN ENTRY--PERSONAL NAME | |
| 9 (RLIN) | 6955 |
| Personal name | Orlievsky, Natalia Soledad |
| 245 13 - TITLE STATEMENT | |
| Title | El desafío de la cuantificación económica / |
| Remainder of title | Natalia Soledad Orlievsky. |
| 300 ## - PHYSICAL DESCRIPTION | |
| Extent | p. 205-214 |
| 500 ## - GENERAL NOTE | |
| General note | Cita: TR LALEY AR/DOC/2667/2024. |
| 505 ## - FORMATTED CONTENTS NOTE | |
| Formatted contents note | Sumario: I. Palabras introductorias.— II. Aproximando una conceptualización de la compensación económica.— III. El caso en comentario.— IV. Lo que dice el fallo.— V. Lo resuelto.— VI. Pautas generales para la fijación de la compensación.— VII. Cuantificación.— VIII. Cierre y reflexiones. |
| 505 ## - FORMATTED CONTENTS NOTE | |
| Title | Fallo comentado: SC Mendoza, sala I ~ 14/03/2024 ~ F., M. C. c. G., D. D. por compensación económica (mixto) SCANEAD s/ recurso extraordinario provincial. |
| 650 #0 - SUBJECT ADDED ENTRY--TOPICAL TERM | |
| 9 (RLIN) | 967 |
| Topical term or geographic name as entry element | DERECHO DE FAMILIA |
| 650 #0 - SUBJECT ADDED ENTRY--TOPICAL TERM | |
| 9 (RLIN) | 1057 |
| Topical term or geographic name as entry element | JURISPRUDENCIA APLICABLE |
| 773 0# - HOST ITEM ENTRY | |
| Host Biblionumber | 2844 |
| Host Itemnumber | 3222 |
| Place, publisher, and date of publication | Buenos Aires : AbeledoPerrot, 1989- |
| Title | Derecho de familia. Revista Interdisciplinaria de doctrina y jurisprudencia. Diciembre 2024-VI. |
| International Standard Book Number | 18511201 |
| 942 ## - ADDED ENTRY ELEMENTS (KOHA) | |
| Source of classification or shelving scheme | |
| Koha item type | Analítica Artículo de Revista |
No hay ítems disponibles.
